00926nam a2200253 i 4500003000900000005001700009007000300026008004100029020003000070040003000100082002300130245007300153264004800226300002200274336002700296337003400323338002800357590002700385650006300412910004000475942001400515952012600529999001700655DO-SdBNP20240802094551.0ta240730s200? dr 001 0 spa d a9788449437045, volumen IV aDO-SdBNPbspacBNPHUerda 4a371.3028bD54522210aDiccionario enciclopédico :bmétodo integral para el aprendizaje 1aBarcelona :bOceano,cfecha no identificada avolumen ;c27 cm. atextobtxt2rdacontent asin mediación bn2rdamedia avolumenbnc2rdacarrier aInventariado, 2024/ DG 0aMétodos de estudio 980424vEnciclopedias y diccionarios aDG.Validado. Control de Calidad/MAA 2ddccLBS1 00102ddc56708GR-RaBNPHUbBNPHUcHDd2024-07-30l0oBNPHU R-GR 371.3028 D545p2024-4655r2024-07-30w2024-07-30yLBS1 c57367d57367